000
00266nam a2200109Ia 4500
001
1272198
005
20260417151424.0
008
260417s9999 xx 000 0 und d
020
_a
9786257854610
245
0
_a
Postacı Fero
_c
Didem Demirel
260
_b
Ketebe Çocuk
999
_c
1272198
_d
1272198